| 000 | 01208nam a2200241Ia 4500 | ||
|---|---|---|---|
| 003 | Ost | ||
| 005 | 20260507075113.0 | ||
| 008 | 260507s9999||||xx |||||||||||||| ||und|| | ||
| 020 | _a70457763 | ||
| 040 | _cfsecg | ||
| 041 | _aara | ||
| 082 | _a500 | ||
| 100 |
_aشيد، فرانسيس _eمؤلف |
||
| 245 | 0 |
_aنظريات ومسائل في التحليل العددي / _c فرانسيس شيد |
|
| 250 | _aطبعة 4 | ||
| 260 |
_aالقاهرة: _bالدار الدولية للنشر, _c1998 |
||
| 300 |
_a534 صفحة؛ _bإيضاحات ؛ _c27 سم |
||
| 490 | _aملخصات شوم | ||
| 520 | _aما هو التحليل العددي؟كثيرة الحدود المطابقة،الفروق المنتهية،كثيرات حدود المضروب،الفروق المقسومةالاستكمال والتنبؤ،التفاضل العددي،تكامل جاوس،معادلة الفروق،المسائل التفاضلية من رتب أعلى،الجبر غير الخطي،البرمجة الخطية،النظم الزائدة،مسائل القيمة الحدية | ||
| 653 | _aالرياضيات | ||
| 700 |
_aالسمري، محمد علي _eمؤلف ثانوي |
||
| 942 | _cكتاب | ||
| 999 |
_c42963 _d42963 |
||